000 00757nam a2200217 i 4500
001 146139
003 ES-MaACL
005 20230906201428.0
007 t|
008 070903q1919 sp ||||1| spa d
245 0 4 _aLos trágicos griegos
_b: Esquilo, Sófocles, Eurípides /
_cpáginas escogidas con introducción y notas de Girard ; versión castellana de Agustín Millares Carlo.
260 _aMadrid :
_b[s.n.],
_c[1919] (
_fSaturnino Calleja)
300 _a434 p. ;
_c16 cm.
700 1 _aEsquilo.
_947970
700 0 _aSófocles.
_9107023
700 1 _aEurípides.
_948332
700 1 _aGirard, Paul (
_d1852-1922)
_957223
700 1 _aMillares Carlo, Agustín,
_d1893-1980
_981176
852 _aES-MaACL
_jB-3807
999 _c146139
_d146139